[Event "EU-ch 6th"]
[Site "Warsaw"]
[Date "2005.06.22"]
[Round "5"]
[White "Guseinov, Gadir"]
[Black "Motylev, Alexander"]
[Result "1/2-1/2"]
[WhiteElo "2573"]
[BlackElo "2680"]
[Annotator "Postny,E"]
[PlyCount "50"]
[EventDate "2005.06.18"]
[EventType "swiss"]
[EventRounds "13"]
[EventCountry "POL"]
[SourceTitle "CBM 108"]
[Source "ChessBase"]
[SourceDate "2005.09.26"]
[SourceVersion "1"]
[SourceVersionDate "2005.09.26"]
[SourceQuality "1"]

1. e4 e5 2. Nf3 Nc6 3. Bb5 a6 4. Bxc6 dxc6 5. O-O Bd6 {This old move appeared
even in 19th century. Nowadays, it's a rarew guest on top level.} 6. d4 exd4 7.
Qxd4 f6 8. Be3 Ne7 9. Nbd2 Be6 10. Rfd1 ({A well known blunder is:} 10. Nc4 $2
Bxh2+ 11. Kxh2 Qxd4 12. Nxd4 Bxc4 $17) (10. Rad1 O-O 11. Qc3 Qe8 12. Nc4 Rd8
13. Nd4 Bc8 14. Rfe1 Qf7 15. Qb3 Rfe8 16. Nxd6 cxd6 17. Ne2 Ng6 18. Qxf7+ Kxf7
$11 {1/2-1/2 Markovic,M-Gligoric,S/YUG-chT 2000 (91)}) (10. Qc3 Ng6 11. Nd4 Qd7
12. Nxe6 Qxe6 13. Qb3 Qxb3 14. axb3 O-O-O $11 {1/2-1/2 Howell,D-Hebden,M/
Gibraltar 2005 (38)}) 10... Ng6 {Black has a choice, which side to castle.
Motylev chooses a more double-edged plan.} (10... O-O 11. Nc4 Bb4 12. a3 Qxd4
13. Nxd4 Bxc4 14. axb4 Rfe8 {1/2-1/2 Volzhin,A-Lukacs,P/Budapest 1996 (58)})
11. Nc4 Bxc4 12. Qxc4 Qe7 13. b4 (13. Re1 O-O-O 14. Bd4 Rhe8 15. Bc3 Ne5 16.
Qe2 Nxf3+ 17. Qxf3 Be5 18. Qf5+ Qd7 19. Bxe5 Qxf5 20. exf5 Rxe5 $11 {1/2-1/2
Brynell,S-Barkhagen,J/SWE-chT 2003 (33)}) 13... O-O-O 14. a4 $146 (14. c3 Rhe8
15. Rd4 Qe6 16. Qe2 Bf4 17. Re1 Bxe3 18. Qxe3 Qxa2 19. Red1 Qe6 $15 {0-1
Argandona Rivero,I-Flear,G/San Sebastian 2005 (51)}) 14... Bxb4 $5 {Principled
but risky.} (14... Rhe8 15. b5 Qxe4 16. Rd4 Qe6 17. bxa6 Qxc4 18. axb7+ Kxb7
19. Rxc4 $14) 15. Nd4 $2 {A natural looking move, that allows black to take
over the initiative in an imaginative way...} (15. Rdb1 a5 16. c3 Bd6 17. Qb3
b6 18. Bxb6 cxb6 19. Qxb6 Bc7 20. Qxc6 Rd6 21. Qb7+ Kd7 22. Qb5+ Kc8 23. Qb7+
$11) {[%tqu "En","What would you suggest for Black?","","","e7e4","",15]} 15...
Qxe4 $1 {[%mdl 640]} 16. Qxb4 Nh4 {The point.} 17. Kf1 $8 Qxg2+ 18. Ke1 Qg4 $6
{Not the best choice.} ({The critical line was:} 18... Rhe8 $1 19. Rab1 c5 20.
Qxc5 f5 $1 (20... b6 $2 21. Qc6 Rxe3+ 22. fxe3 Rxd4 23. Qxg2 Nxg2+ 24. Kf2 Rxd1
25. Rxd1 Nh4 26. e4 $14) (20... Rxd4 $2 21. Rxd4 Rxe3+ 22. Kd2 Qxf2+ 23. Kc1 {
[%csl Rc8][%cal Gc5f8]} Re1+ 24. Kb2 Rxb1+ 25. Kxb1 Qf1+ 26. Kb2 b6 27. Qc6 Qg2
28. Re4 $18) 21. Qa7 Rd6 $1 (21... f4 $2 22. Qa8+ Kd7 23. Nc6+ $1 $18) 22. Qa8+
Kd7 23. Qxb7 f4 $1 (23... Qxb7 24. Rxb7 f4 25. Rd3 fxe3 26. fxe3 Ng2+ 27. Kf2
Nxe3 28. Rxe3 Rxd4 29. Rxe8 Kxe8 30. Rxc7 $11) (23... Qxh2 $5) 24. Qxg2 Nxg2+
25. Kf1 fxe3 26. Kxg2 e2 27. Nxe2 Rxe2 {with good winning chances for black.})
19. Rab1 (19. Kd2 $2 b6 $1 {[%cal Gc6c5]}) 19... b6 20. Qc4 Nf3+ 21. Kf1 Nxh2+
22. Ke1 Nf3+ 23. Kf1 Nh2+ {Black can't achieve more than a perpetual check.} (
23... Qh3+ 24. Ke2 Nxd4+ 25. Rxd4 Qh5+ 26. Kd2 Rxd4+ 27. Bxd4 Rd8 28. Qxa6+ Kb8
29. Kc3 $16) (23... Rxd4 24. Qxa6+ (24. Bxd4 $2 Qh3+ 25. Ke2 Re8+ 26. Be3 {
[%tqu "En","Find the winning strike.","","","e8e3","",5]} Rxe3+ $1 27. fxe3 (
27. Kxe3 Ne5+ $19) 27... Qg2+ 28. Kd3 Ne5+ $19) 24... Kb8 (24... Kd7 25. Bxd4
Nh2+ 26. Ke1 Nf3+ 27. Kf1 $11) 25. Rxb6+ cxb6 26. Qxb6+ Kc8 27. Qxc6+ Kd8 28.
Bxd4 Qg1+ 29. Ke2 {[%tqu "En","Please enter a move for Black.","","","g1e1","",
5]} Qe1+ $1 30. Kxf3 Qxd1+ 31. Kg3 Qxd4 32. Qa8+ Ke7 33. Qxh8 $11) 24. Ke1 Nf3+
25. Kf1 Nh2+ 1/2-1/2

[Event "EU-ch 6th"]
[Site "Warsaw"]
[Date "2005.06.19"]
[Round "2"]
[White "Nataf, Igor Alexandre"]
[Black "Mamedyarov, Shakhriyar"]
[Result "0-1"]
[WhiteElo "2559"]
[BlackElo "2646"]
[Annotator "Postny,E"]
[PlyCount "80"]
[EventDate "2005.06.18"]
[EventType "swiss"]
[EventRounds "13"]
[EventCountry "POL"]
[SourceTitle "CBM 108"]
[Source "ChessBase"]
[SourceDate "2005.09.26"]
[SourceVersion "1"]
[SourceVersionDate "2005.09.26"]
[SourceQuality "1"]

1. e4 e5 2. Nf3 Nc6 3. Bb5 a6 4. Bxc6 dxc6 5. O-O Bg4 6. h3 Bxf3 $6 {Since I
was playing next to this board, I watched this with some curiosity, because I
always considered this exchange as a concession. Black parts with his strong
light-squared bishop, while his pawnstructure drawbacks are permanent.} (6...
h5 {is the main line.}) 7. Qxf3 Qd7 (7... Bd6 8. d3 Ne7 9. Be3 c5 10. Nd2 O-O
11. Qg4 Ng6 12. Nc4 b5 13. Na5 c6 14. Nb7 Qe7 15. Nxd6 Qxd6 16. g3 $14 {
1-0 Fressinet,L-Yurtaev,L/Istanbul ol 2000 (38)}) 8. d3 O-O-O {The opposite
side castlings usually lead to a sharp play.} (8... Ne7 9. Nd2 Ng6 10. Nc4 Bd6
11. Be3 O-O 12. Rad1 Rae8 13. Qg4 f5 14. exf5 Rxf5 15. Nd2 Ref8 16. Ne4 Nf4 17.
Rfe1 Be7 18. c3 Qd5 19. Rd2 h5 20. Qg3 Qf7 21. d4 Ng6 22. Bg5 Bd6 23. Nxd6 cxd6
24. dxe5 Nxe5 25. f4 Ng6 26. Rxd6 Nxf4 27. Bxf4 Rxf4 28. Rde6 h4 29. Qg5 Rf1+ {
1/2-1/2 Hort,V-Kortschnoj,V/Baden-Baden 1981}) 9. Nd2 f6 10. Nc4 h5 11. Qe3 {
[%cal Ge3a7]} (11. Bd2 Kb8 (11... g5 12. Qe2 Ne7 13. Kh2 Ng6 14. g3 Be7 15. Ne3
Bc5 16. b4 Bd4 17. Rab1 b5 18. Nf5 Ne7 19. Nxe7+ Qxe7 20. a4 Qd6 21. Rfd1 Qe6
22. Rb3 g4 23. h4 f5 $132 {1/2-1/2 Videki,S-Ljubicic,F/Split 1998 (63)}) 12. b4
g5 13. a4 g4 14. Qg3 Bh6 15. Bxh6 Nxh6 16. h4 Qd4 17. Rab1 f5 18. Qxe5 fxe4 19.
Qxd4 Rxd4 20. b5 exd3 21. cxd3 axb5 22. axb5 c5 23. b6 Nf5 24. Rb5 cxb6 25.
Nxb6 Ne7 26. Rxc5 $16 {1-0 Bronstein,D-Nei,I/Tallinn 1971 (49)}) 11... Kb8 $146
(11... c5 12. f4 b5 13. Na5 exf4 14. Qxf4 Bd6 15. Qf3 Be5 16. a4 Bd4+ 17. Kh1
$16 {1-0 Kagan,S-Stepak,Y/Israel 1967 (59)}) 12. b4 g5 ({Too naive is} 12...
Bxb4 $6 13. Rb1 $40) 13. a4 g4 14. h4 Bh6 15. Qg3 $6 {The queen is misplaced
on this square.} (15. Qc5 Bxc1 (15... b6 $2 16. Nxb6 $1 cxb6 17. Qxb6+ $40) 16.
Rfxc1 Qd4 17. Qxd4 (17. Qa5 g3 {[%csl Rg1]}) 17... Rxd4 $11) (15. Qe2 $142 $14)
15... Bxc1 16. Rfxc1 Ne7 17. Re1 $6 {A "mysterious rook move" that I fail to
understand.} ({The immediate attempt of breakthrow leads to nowhere for white:
} 17. b5 cxb5 18. axb5 axb5 19. Ne3 (19. Qe3 Qd4 $17) 19... Nc6) ({More to the
point would have been} 17. Rcb1 Qd4 18. Ra3 {[%cal Gb4b5]}) 17... Qd4 $1 18.
Qe3 {Sooner or later, white has to pull his queen from the kingside. In the
forthcoming endgame the chances are approximately equal.} b6 19. g3 Rhf8 20. a5
$6 {A committing push.} (20. Ra3 $5) 20... b5 21. Qxd4 Rxd4 22. Nd2 Ka7 (22...
Rxb4 $6 23. Nb3 {[%csl Rb4]}) 23. Ra3 c5 $6 {Now, it was actually possible to
grab the pawn, but Mamedyarov decided to sacrifice his own instead...} (23...
Rxb4 24. Nb3 Rb8 {[%cal Gb4a4]} 25. Rea1 f5 $15) 24. bxc5 Nc6 {[%csl Gc6]} 25.
Nf1 $6 {This is too slow.} (25. f3 $1 {White should try to break throw the
kingside.}) 25... Ra4 $1 {After the exchange of one pair of rooks white's pawn
weaknesses wil lbecome more apparent.} 26. Rea1 $6 (26. Rxa4 bxa4 27. Ra1 Rb8
28. Ne3 Nd4 29. f4 gxf3 30. Kf2 $13) 26... Rxa3 27. Rxa3 b4 28. Ra2 b3 $1 29.
cxb3 Rd8 {Quite an instructive position. White is two pawns up, but is not
able to protect his numerous weaknesses and is actually fighting for a draw
here.} 30. f3 $2 {White started to panic.} (30. Rd2 Nxa5 31. b4 Nc6 $19) (30.
Ne3 $1 Rxd3 31. Ra1 {[%cal Ge3d5,Ga1d1]}) 30... gxf3 31. Kf2 Rxd3 32. Nh2 f5 $1
$19 33. Nxf3 ({A better practical chance would have been:} 33. exf5 e4 34. g4
Ne5 $1 (34... Nb4 $2 35. Rb2 Rd1 36. f6 Nd3+ 37. Ke3 Nxb2 38. f7 Rd8 39. g5 {
and white is at least not losing.}) 35. gxh5 (35. g5 e3+ 36. Kg3 e2 (36... Rd2
$2 37. Nxf3 Nxf3 38. Kxf3 Rxa2 39. f6 $18 {[%csl Gf6,Gg5]}) 37. Kf2 Rxb3 38.
Ra1 Nd3+ 39. Kxf3 e1=Q 40. Rxe1 Nxe1+ 41. Ke4 (41. Ke2 Nd3 $19) 41... Rh3 42.
Nf1 (42. f6 Rxh4+ 43. Kf5 Rxh2 44. g6 Rf2+ 45. Ke6 Nd3 46. g7 Nxc5+ 47. Kf7 Rg2
$19) 42... Rxh4+ 43. Ke5 Rh1 $19) 35... e3+ 36. Kg3 Rd2 (36... e2 $2 37. Kf2
Rxb3 38. Ra1 Nd3+ 39. Kxf3 e1=Q 40. Rxe1 Nxe1+ 41. Kg4 {[%csl Gf5,Gh5]}) 37.
Nxf3 Nxf3 38. Kxf3 Rxa2 39. Kxe3 {[%tqu "En","Please calculate the winning
variation for Black.","","","a2a5","",10,"a2h2","",0]} Rxa5 $1 (39... Rh2 $4
40. f6 $18) 40. h6 (40. Kd4 Rb5 41. Kc4 Kb7 42. h6 Kc6 $19) 40... Rb5 $1 41. h7
Rxb3+ 42. Kf4 Rb8 43. f6 a5 44. f7 a4 45. Ke5 a3 46. Ke6 a2 47. Ke7 a1=Q $19)
33... fxe4 34. Ne1 e3+ 35. Ke2 Rxb3 {The following check on d4 is decisive.}
36. Nc2 Nd4+ 37. Nxd4 exd4 38. c6 Rc3 39. Ra4 Rc2+ 40. Kd3 Rd2+ 0-1

[Event "Bodensee-Cup"]
[Site "Ueberlingen-Nussdorf"]
[Date "2019.05.11"]
[Round "2.2"]
[White "Rosner, Jonas"]
[Black "Prusikin, Michael"]
[Result "0-1"]
[WhiteElo "2413"]
[BlackElo "2522"]
[Annotator "Prusikin,M"]
[PlyCount "56"]
[EventDate "2019.05.10"]
[EventType "team-tourn"]
[EventRounds "3"]
[EventCountry "GER"]
[SourceTitle "EXT 2020"]
[Source "ChessBase"]
[SourceDate "2019.10.17"]
[SourceVersion "1"]
[SourceVersionDate "2019.10.17"]
[SourceQuality "1"]

{[%evp 0,56,30,26,39,25,18,15,20,25,29,29,44,36,40,31,12,6,8,-30,15,11,116,71,
73,9,29,12,-12,-52,-40,-123,-86,-93,-93,-203,-145,-198,-162,-180,-197,-201,
-204,-204,-204,-204,-142,-203,-203,-267,-267,-267,-415,-399,-400,-466,-295,
-354,-330]} 1. e4 e5 2. Nf3 Nc6 3. Bb5 a6 4. Bxc6 dxc6 5. O-O Bg4 6. h3 Bh5 7.
g4 Bg6 8. Nxe5 Bd6 $5 (8... Ne7 $5 9. d3 h5 10. Bf4 hxg4 11. hxg4 f6 12. Nc4
Qd7 13. Nbd2 Bf7 14. Bg3 Be6 15. Ne3 O-O-O 16. Kg2 g6 17. Rh1 Bg7 18. Qe2 Qd4
19. b3 Rhf8 20. Rae1 Bg8 21. Nf3 Qd7 22. Nd2 Rde8 23. Qd1 b6 24. f4 f5 25. Nf3
Bc3 26. Re2 c5 27. a4 {1/2-1/2 (27) Rosner,J (2412)-Buecker,S (2280) Sasbach
2018}) 9. Nxg6 (9. Nf3 $6 Qd7 $15) 9... hxg6 10. Qf3 Qd7 11. d3 (11. d4 O-O-O
12. Nc3 f5 13. e5 Be7 14. Be3 (14. Ne2 Nh6 15. g5 Nf7 16. Qg2 f4 17. Bxf4 Rxh3
18. f3 Rdh8 19. Qg4 Qxg4+ 20. fxg4 Nxg5 21. Kg2 R3h4 22. Kg3 Rh2 23. Ng1 Ne6
24. Be3 Rxc2 25. Rf7 Bh4+ 26. Kf3 Ng5+ 27. Bxg5 Rf2+ 28. Ke4 Rxf7 29. Bf4 Bd8
30. Ne2 Rh4 31. Rg1 g5 32. Be3 Rh2 33. Kd3 Kd7 34. b3 Rf3 35. Nc3 Be7 36. Ke4
Rhh3 37. Nd1 Ke6 38. a4 a5 39. Rg2 Rfg3 40. Rxg3 Rxg3 41. Nf2 b6 42. Kd3 Kd5
43. Ke2 c5 {0-1 (43) Jensson,E (2378)-Smith,A (2506) Sastamala 2016}) 14... Rf8
15. Ne2 Rh4 16. gxf5 gxf5 17. Qg3 g5 18. Bxg5 Bxg5 19. Qxg5 Rh7 20. Kh2 Nh6 21.
f3 Rfh8 22. Qe3 f4 23. Nxf4 Nf5 24. Qe4 Nxd4 25. e6 Qd6 26. Kg2 Rg7+ 27. Kf2
Nxc2 28. Qxc2 Qxf4 29. Qe4 Qd2+ 30. Qe2 Rg2+ 31. Kxg2 Qxe2+ 32. Kg3 Rg8+ 33.
Kf4 Qxe6 34. Rae1 Qf6+ 35. Ke3 Re8+ {0-1 (35) Sanal,V (2490)-Sychev,K (2537)
St Petersburg 2018}) 11... O-O-O 12. Kg2 (12. Bf4 Bxf4 13. Qxf4 Rxh3 14. Kg2
Rh4 15. f3 Nf6 16. Rh1 Rxh1 17. Kxh1 Qd4 18. Nc3 Qf2 19. Qh2 Qxf3+ 20. Qg2 Rh8+
21. Kg1 Qe3+ {0-1 (21) Nuber,K (2302)-Hector,J (2537) Nuremberg 2012}) (12. Nd2
$1) 12... f5 $1 $146 13. exf5 Rf8 14. Nc3 gxf5 15. Ne2 Ne7 16. Bg5 Ng6 17. Rh1
Ne5 18. Qe3 fxg4 19. h4 Nf3 20. Nc3 Be5 $1 21. Ne4 Bd4 22. Qe2 Qd5 23. c3 Bxf2
$1 24. c4 {[#]} Qe5 $1 25. Qxf2 Nxg5 26. Qg3 Qxb2+ 27. Nf2 Ne6 28. Rab1 Qd4 0-1

[Event "Sautron op 16th"]
[Site "Sautron"]
[Date "2016.10.22"]
[Round "3.1"]
[White "Stets, Dmitry"]
[Black "Istratescu, Andrei"]
[Result "1/2-1/2"]
[WhiteElo "2436"]
[BlackElo "2600"]
[Annotator "RR"]
[PlyCount "52"]
[EventDate "2016.10.22"]
[EventType "swiss"]
[EventRounds "9"]
[EventCountry "FRA"]
[SourceTitle "EXT 2019"]
[Source "ChessBase"]
[SourceDate "2018.10.10"]
[SourceVersion "1"]
[SourceVersionDate "2018.10.10"]
[SourceQuality "1"]
[TimeControl "40/5400+30:1800+30"]
[WhiteClock "0:13:16"]
[BlackClock "0:35:11"]

1. e4 {[%emt 0:00:00]} e5 {[%emt 0:01:14]} 2. Nf3 {[%emt 0:00:00]} Nc6 {
[%emt 0:01:23]} 3. Bb5 {[%emt 0:00:57]} a6 {[%emt 0:01:05]} 4. Bxc6 {[%emt 0:
02:57]} dxc6 {[%emt 0:00:24]} 5. O-O {[%emt 0:00:06]} Bd6 {[%emt 0:01:35]} (
5... f6 {La grande ligne}) (5... Bg4) 6. d4 {[%emt 0:04:24]} exd4 {[%emt 0:01:
05]} 7. Qxd4 {[%emt 0:00:10]} f6 {[%emt 0:00:04]} 8. Nbd2 {[%emt 0:22:27][%cal
Gd2c4] La position est toujours théorique mais le MI a réfléchi plus de 20
mns} (8. Be3) (8. Re1) 8... Be6 {[%emt 0:01:41]} 9. b3 {[%emt 0:06:25]} Ne7 {
[%emt 0:08:00]} (9... Qe7 10. Nc4 Bc5 11. Qd3 Qd7 12. Qxd7+ Bxd7 13. Be3 Be7
14. Nd4 O-O-O 15. Rad1 Re8 16. f3 Bf8 17. Bf2 Nh6 18. Ne3 Nf7 19. Ne2 g6 20.
Nf4 Bg7 21. a4 Re7 22. Nd3 Kb8 23. Nc4 Bc8 24. a5 Rhe8 25. Nc5 f5 26. Bd4 Bxd4+
27. Rxd4 Ka7 28. exf5 Bxf5 29. Ne4 c5 30. Rd2 Bxe4 31. fxe4 Nd8 32. e5 Nc6 33.
Rd5 Nxe5 34. Rxc5 Nc6 35. Rd5 b5 36. axb6+ cxb6 37. Rd6 Kb7 38. Rff6 Rc8 39.
Rd2 {Nisipeanu,L (2683)-Carlsen,M (2850) Reykjavik 2015 1/2-1/2}) 10. Nc4 {
[%emt 0:02:19]} Bxc4 {[%emt 0:01:39]} (10... Bb4 11. Qe3 (11. Qxd8+ Rxd8 12.
Bb2) 11... Bxc4 $132) 11. Qxc4 $14 {[%emt 0:01:15]} Ng6 {[%emt 0:02:21]} 12.
Qe6+ {[%emt 0:15:28] Une nouveauté trouvée devant l'échiquier} Qe7 {[%emt 0:
02:16]} 13. Qxe7+ {[%emt 0:00:06]} Kxe7 {[%emt 0:01:20]} 14. Nd4 {[%emt 0:01:
01][%cal Gf2f4,Gd4f5]} Kf7 {[%emt 0:02:05]} 15. Be3 {[%emt 0:00:39]} Rhe8 $132
{[%emt 0:08:18]} 16. f3 {[%emt 0:00:58]} Ne7 {[%emt 0:01:20]} (16... Nf4) 17.
Kf2 {[%emt 0:00:45]} c5 {[%emt 0:01:46]} 18. Nf5 $5 {[%emt 0:10:24]} Nxf5 {
[%emt 0:02:00]} 19. exf5 {[%emt 0:00:05]} Bxh2 $5 {[%emt 0:08:13] Un choix
courageux car après la poussée "f4",le Bh2 risque d'être enfermé. Ce coup
rappelle le fameux Bh2 joué par Fischer contre Spassky en Championnat du Monde
} 20. f4 {[%emt 0:15:25][%cal Gf1h1]} (20. g3 Bxg3+ {[%cal Ge8e3]}) 20... h5 $1
{[%emt 0:03:43][%cal Gh5h4,Gh2g3]} 21. Rad1 {[%emt 0:01:26]} (21. Rh1 Bg3+ $1
22. Kf3 h4) 21... h4 {[%emt 0:09:16]} 22. Rd7+ {[%emt 0:01:31]} Re7 {[%emt 0:
00:28]} 23. Rxe7+ {[%emt 0:00:11]} Kxe7 {[%emt 0:00:28]} 24. Bxc5+ {[%emt 0:00:
06]} Kd7 {[%emt 0:00:02]} (24... Kf7) 25. Rd1+ {[%emt 0:00:32]} Kc6 {[%emt 0:
01:21]} 26. Be3 {[%emt 0:00:07]} a5 {[%emt 0:04:42] Le plateau DGT a
enregsitré à tort 27.Bc5 qui n'a pas été joué} 1/2-1/2

[Event "Rohde op 07th"]
[Site "Sautron"]
[Date "2007.10.28"]
[Round "2"]
[White "Bruned, Yvalin"]
[Black "Friedel, Joshua E"]
[Result "1/2-1/2"]
[WhiteElo "2355"]
[BlackElo "2477"]
[Annotator "RR"]
[PlyCount "80"]
[EventDate "2007.10.27"]
[EventType "swiss"]
[EventRounds "9"]
[EventCountry "FRA"]
[SourceTitle "EXT 2008"]
[Source "ChessBase"]
[SourceDate "2007.11.25"]
[SourceVersion "1"]
[SourceVersionDate "2007.11.25"]
[SourceQuality "1"]

1. e4 e5 2. Nf3 Nc6 3. Bb5 a6 4. Bxc6 {La variante d'échange a connu son heure
de gloire avec Fischer dans les années 60 mais depuis elle est beaucoup moins
jouée.} dxc6 5. Nc3 (5. O-O {Normalement une simple transposition} f6 (5... Bg4
6. h3 h5 {5.Nc3 avant le oo permet d'éviter cette variante h7h5}) 6. d4) 5...
f6 {La variante principale} (5... Bd6 6. d4 {Le coup naturel pour faire jouer
la majorité des blancs а l'aile-roi.}) (5... Bg4 6. h3 Bxf3 7. Qxf3) (5... Qd6
$5 6. d4 exd4 7. Qxd4 Bd7 8. Be3 Qxd4 9. Nxd4 O-O-O $132 {[%csl Gd7,Gf8]}) 6.
d4 exd4 7. Qxd4 (7. Nxd4 $142 c5 8. Nde2 Qxd1+ 9. Nxd1 $14) 7... Qxd4 8. Nxd4
Bd6 9. Nde2 Ne7 10. Bf4 Be6 11. O-O-O $14 {1h38 Tout est théorique et les
blancs ont joué vite l'ouverture} O-O-O 12. Bg3 $5 (12. f3) 12... h5 ({RR} 
12... Rhe8 13. Rd2 Ng6 14. Rhd1 Ne5 15. b3 b5 16. h3 Ba3+ 17. Kb1 Rxd2 18. Rxd2
Bd7 19. Nd1 Nf7 20. Nec3 Nd6 21. f3 f5 22. Re2 fxe4 23. Nxe4 Nxe4 24. Rxe4 Rxe4
25. fxe4 Bd6 26. Bf2 c5 27. Ne3 {Ljubojevic,L (2610)-Adams,M (2590)/Roquebrune
1992/CBM 028/1/2-1/2 (40)}) 13. h4 Ng6 14. Rd2 $146 {[%cal Gh1d1]} ({RR} 14. f3
Rhe8 15. Bxd6 cxd6 16. Rd2 Kc7 17. Ng3 Nf4 $132 {[%cal Gf4g2]} 18. Nf5 g6 19.
Ne3 Bf7 20. g3 Ne6 21. g4 Ng7 22. Ng2 b5 23. a3 a5 24. b4 axb4 25. axb4 hxg4
26. fxg4 Be6 27. Ne3 Rh8 28. Rf2 Rdf8 {Stanojoski,Z (2458)-Markidis,K (2358)/
Kavala 2005/CBM 107 ext/1-0 (46)}) 14... Bf7 15. Bxd6 cxd6 16. Nd4 {[%csl Gf5]}
Kc7 17. Nf5 Ne5 $11 18. b3 g6 19. Ne3 {[%csl Gd5]} Ng4 $1 20. Ned1 (20. Nxg4
hxg4 {[%csl Rf2]}) 20... Rhe8 21. f3 Nh6 22. Nf2 f5 23. Nh3 {[%csl Rg5]} fxe4
24. Nxe4 d5 25. Neg5 Rd6 (25... Bg8) 26. Rdd1 Bg8 27. Rde1 Rxe1+ 28. Rxe1 Kd7
29. Nf4 Rf6 30. Nd3 {[%csl Gc5,Ge5]} b6 31. Ne5+ Kd6 32. g4 $1 c5 33. Kd2 b5
34. a3 Be6 35. Nd3 hxg4 36. Nxe6 Rxe6 37. Rxe6+ Kxe6 38. fxg4 Kd6 39. Nf4 Nxg4
40. Nxg6 d4 $13 {[%csl Gh4] La finale de N était assez difficile а jouer car
le Ph est а la fois une faiblesse et une force pour le brestois. Le P R est
celui contre lequel le N adverse a le plus de mal а lutter mais le K noir est
relativement proche} 1/2-1/2

[Event "Interpolis-03"]
[Site "Tilburg"]
[Date "1979.11.01"]
[Round "1"]
[White "Hort, Vlastimil"]
[Black "Romanishin, Oleg M"]
[Result "0-1"]
[WhiteElo "2600"]
[BlackElo "2560"]
[Annotator "Romanishin,O"]
[PlyCount "80"]
[EventDate "1979.11.01"]
[EventType "tourn"]
[EventRounds "11"]
[EventCountry "NED"]
[EventCategory "15"]
[SourceTitle "MCL"]
[Source "ChessBase"]
[SourceDate "1999.07.01"]
[SourceVersion "1"]
[SourceVersionDate "1999.07.01"]
[SourceQuality "1"]

1. e4 e5 2. Nf3 Nc6 3. Bb5 a6 4. Bxc6 dxc6 5. O-O Qd6 {Portisch} 6. d4 (6. Na3
$142 b5 7. c3 c5 8. Nc2 Ne7 9. d4 (9. a4) 9... cxd4 10. cxd4 exd4 11. Nfxd4 c5
12. Nb3 Qxd1 13. Rxd1 Nc6 14. Ne3 {N} (14. Be3) 14... Be6 (14... c4 $2 15. Nd5
Ra7 16. Be3 cxb3 (16... Rd7 17. Nc5 Bxc5 18. Bxc5 Ne5 19. Bd4 {/\ Nb6+/-}) (
16... Rb7 17. a4 $1 cxb3 18. axb5 axb5 19. Ra8 Rb8 20. Nc7+ Ke7 21. Rxb8 Nxb8
22. Bc5+ Kf6 23. Rd8 Na6 $8 24. Bxf8 Nxc7 25. Rxc8 Ke6 26. Rxc7 Rxf8 27. Rc3
$16) 17. Bxa7 Nxa7 18. Nc7+ Ke7 19. axb3 {/\ Na6+/-}) 15. Nd5 O-O-O 16. a4 $5 (
16. Be3 c4 17. Nc5 Bxc5 18. Bxc5 Kb7 19. a4 Rd7 $13) 16... bxa4 $1 $8 (16...
Kb7 $2 17. axb5 axb5 18. Be3 c4 19. Na5+ $18) (16... c4 $6 17. axb5 axb5 18.
Ra6 Bxd5 19. Rxd5 $1 Rxd5 20. Rxc6+ $1 $16) 17. Rxa4 Nb4 18. Ra5 (18. Be3 $5
Nxd5 19. exd5 Rxd5 (19... Bxd5 $6 20. Rxa6 $1 $16) 20. Rda1 Rd3 $10) 18... c4
$1 19. Nc5 (19. Nb6+ Kc7 20. Rxd8 Kxd8 {/\ Kc7!} 21. Nd2 $2 Nd3 22. Ra1 Bc5 $17
) 19... Nxd5 20. Nxe6 (20. exd5 Rxd5 21. Rxd5 Bxd5 22. Nxa6 Bc6 $1 $15) 20...
fxe6 21. exd5 Kb7 $17) 6... exd4 7. Qxd4 $6 (7. Nxd4 Bd7 8. Be3 O-O-O 9. Nd2
Qg6 $10) 7... Qxd4 8. Nxd4 Bd7 9. Be3 O-O-O 10. Nd2 {/\Sc4->Ld6} (10. Nc3 $142)
(10. Nc3 Ne7 11. a4 a5 12. Rfe1 Re8 13. f3 Ng6 14. Bf2 Bb4 15. Re3 Ne5 16. b3
h5 17. Nce2 Bd2 18. Rd1 Bxe3 19. Bxe3 f5 20. Ng3 fxe4 21. Nxe4 b6 22. Rd2 c5
23. Ne2 Bc6 24. N2c3 Rd8 25. Re2 c4 26. Bf4 Rhe8 27. Ng5 Ng6 28. Rxe8 Bxe8 29.
Be3 cxb3 30. cxb3 Rd3 {0-1 Kristensen,K-Hazai,L/Copenhagen op 1987}) 10... c5
11. Ne2 Ne7 $1 {/\Sc6-><<} 12. Rad1 (12. Bxc5 Bb5 $19) 12... Nc6 13. Nf3 (13.
h3 $5 {/\f4-f5=}) 13... Re8 $1 14. Nc3 h6 15. Rfe1 Bd6 16. h3 f5 $1 $15 17.
exf5 Bxf5 18. Re2 Rhf8 {/\19... Lh3} 19. Ne1 b6 20. Nd5 (20. Nd3 c4) 20... Nd4
21. Red2 Be4 22. Nc3 (22. Bxd4 cxd4 23. Rxd4 Bc5 24. R4d2 Bxd5 25. Rxd5 Bxf2+
$19) 22... Nf5 23. Re2 (23. Nxe4 Rxe4 24. Rd3 c4) 23... Bc6 24. Rdd2 $2 (24.
Bc1 b5 {/\b4-/+}) 24... Rf7 25. Nd3 c4 26. Nf4 Nxe3 27. fxe3 Bc5 $19 28. Nfd5
Bxd5 29. Nxd5 c6 30. Nc3 Bxe3+ 31. Kh1 Rf1+ 32. Kh2 Re5 $1 {/\33... Ld2 34.Te5
Lf4-+} 33. g3 Bxd2 34. Rxe5 Bxc3 35. bxc3 Rf2+ 36. Kg1 Rxc2 37. Re7 Rxc3 38.
Rxg7 Rd3 39. Kf2 c3 40. Rg8+ Kc7 0-1